00617nam a2200193Ia 4500008004100000020001400041082001400055100001800069245005100087250000800138260004100146300002900187500001900216600003300235650001600268942000700284952011700291999001500408240925s9999 xx 000 0 und d a471305707 a512.5 ANT aAnton, Howard 0aElementary Linear Algebra: application version a7th aNew York:bJohn Wiley & Sonsc,2000. aviii,743p.bNAfOriginal aIncludes Index aHumanities & Natural Science aMathematics cBK 001040708HUMaUITUbUITUd2004-08-23eF.B.Cg175.00l0o512.5 ANTpQ5768r2024-09-25 07:13:58w2024-09-25yBK c8267d8267